Southville International School and Colleges
Your cart is empty.
  • Cart
  • Lists
    Public lists Eva Luna New books Lux_list list_1
    Your lists Log in to create your own lists
  • Log in to your account
  • Your cookies
  • Search history
Southville International School and Colleges
  • Advanced search
  • Recent comments
  • Most popular
  • Libraries

Log in to your account

Log in with GOOGLE


If you do not have an external account, but do have a local account, you can still log in:

  1. Home
  2. MARC view: Understanding computers /
Normal view MARC view ISBD view

Understanding computers / (Record no. 22453)

[ view plain ]
MARC details
000 -LEADER
fixed length control field 00628nam a2200217 a 4500
005 - DATE AND TIME OF LATEST TRANSACTION
control field 20140310183408.0
008 - FIXED-LENGTH DATA ELEMENTS--GENERAL INFORMATION
fixed length control field 121030s19uu xx 00 eng d
020 ## - INTERNATIONAL STANDARD BOOK NUMBER
International Standard Book Number 9789814314732
050 ## - LIBRARY OF CONGRESS CALL NUMBER
Classification number QA 76.5
Item number .M864 2010
100 ## - MAIN ENTRY--PERSONAL NAME
Personal name Morley, Deborah
245 ## - TITLE STATEMENT
Title Understanding computers /
Statement of responsibility, etc Deborah Morley, Charles S. Parker.
250 ## - EDITION STATEMENT
Edition statement 1st ed. Philippine ed.
260 ## - PUBLICATION, DISTRIBUTION, ETC. (IMPRINT)
Place of publication, distribution, etc Singapore :
Name of publisher, distributor, etc Cengage Learning Asia,
Date of publication, distribution, etc 2010.
300 ## - PHYSICAL DESCRIPTION
Extent 1040 p. :
Other physical details ill. ;
Dimensions 27 cm.
521 ## - TARGET AUDIENCE NOTE
Target audience note
650 ## - SUBJECT ADDED ENTRY--TOPICAL TERM
Topical term or geographic name as entry element Computers
650 ## - SUBJECT ADDED ENTRY--TOPICAL TERM
Topical term or geographic name as entry element Electronic data processing
700 ## - ADDED ENTRY--PERSONAL NAME
Personal name Parker, Charles S.
942 ## - ADDED ENTRY ELEMENTS (KOHA)
Koha item type Books
Source of classification or shelving scheme Library of Congress Classification
Call number prefix Foreign
Holdings
Withdrawn status Lost status Source of classification or shelving scheme Damaged status Home library Current library Shelving location Date acquired Source of acquisition Total Checkouts Full call number Barcode Date last seen Copy number Price effective from Koha item type
    Library of Congress Classification   College Library College Library General Circulation Section 10/30/2012     QA 76.5 .M864 2010 C16444 05/15/2018 1 10/10/2013 Books

Understanding computers /

APA

Morley D., Parker C. S., . (2010). Understanding computers. Singapore: Cengage Learning Asia.

Chicago

Morley Deborah, Parker Charles S, . 2010. Understanding computers. Singapore: Cengage Learning Asia.

Harvard

Morley D., Parker C. S., . (2010). Understanding computers. Singapore: Cengage Learning Asia.

MLA

Morley Deborah, Parker Charles S, . Understanding computers. Singapore: Cengage Learning Asia. 2010.

  • Place hold
  • Print
  • Cite
  • Add to your cart (remove)
  • Save record
    BIBTEX Dublin Core MARCXML MARC (non-Unicode/MARC-8) MARC (Unicode/UTF-8) MARC (Unicode/UTF-8, Standard) MODS (XML) RIS
  • More searches
    Search for this title in:
    Other Libraries (WorldCat) Other Databases (Google Scholar) Online Stores (Bookfinder.com) Open Library (openlibrary.org)

Exporting to Dublin Core...

SOUTHVILLE LIBRARY

Southville International School and Colleges Library

1281 Tropical Ave. Cor. Luxembourg St., BF Homes International, Las Pinas City

Tel. No. 8256374 / 252358 Loc. 117/146

Powered by Koha